[Event "GRE-ch U20"]
[Site "Trikala"]
[Date "2022.08.27"]
[Round "4"]
[White "Galanis, Nikolaos Panagiotis"]
[Black "Patanas, Marios"]
[Result "1/2-1/2"]
[WhiteElo "1824"]
[BlackElo "1524"]
[PlyCount "87"]
[EventDate "2022.08.25"]
[EventType "swiss"]
[EventRounds "9"]
[EventCountry "GRE"]
[SourceTitle "CBM 210 Extra"]
[Source "ChessBase"]
[SourceDate "2022.11.30"]
[SourceVersion "1"]
[SourceVersionDate "2022.11.30"]
[SourceQuality "1"]

1. e4 c5 2. Nf3 d6 3. d4 cxd4 4. Nxd4 Nf6 5. Nc3 a6 6. Bg5 Nbd7 7. Bc4 h6 8. Bh4 e6 9. Qe2 Ne5 10. Bb3 Be7 11. Bxf6 Bxf6 12. 0-0-0 Qc7 13. Rhe1 0-0 14. f4 Nc6 15. e5 dxe5 16. Nxc6 Qxc6 17. fxe5 Bg5+ 18. Kb1 b5 19. Rd6 Qc7 20. Red1 Be7 21. R6d3 Rd8 22. Rxd8+ Bxd8 23. Qh5 Bb7 24. Rf1 g6 25. Qe2 Bg5 26. g3 b4 27. Nd1 a5 28. Bc4 Rd8 29. Bd3 Bd5 30. h4 Be7 31. h5 Bg5 32. hxg6 fxg6 33. c4 bxc3 34. Nxc3 Kg7 35. Nxd5 exd5 36. Bc2 d4 37. Qd3 Qc6 38. Re1 Qe6 39. Rf1 Re8 40. a3 Kh8 41. Re1 Be3 42. Rf1 Bg5 43. Re1 Be3 44. Rf1 1/2-1/2